02399cam a22003135i 4500999001700000001001000017003000900027005001700036008004100053020001800094040004400112082002200156100002900178245010100207264003300308300003100341336002600372337002800398338002700426500002300453504005100476520122100527651007501748651005201823653003301875655001701908942001201925952014801937 c27715d27686018552907EG-ScBUE20191029102622.0171115s2017 enkb ob 001 0 eng d z9780863561931 aYDXerdabengcYDXdOCLCFdUkdEG-ScBUE04a953.3053bLAC2221 aLackner, Helen,eauthor.10aYemen in crisis :bautocracy, neo-liberalism and the disintegration of a state /cHelen Lackner. 1aLondon :bSaqi Books,c2017. a330 pages :bmaps ;c24 cm atextbtxt2rdacontent aunmediatedbn2rdamedia avolumebnc2rdacarrier aIncludes glossary. aIncludes bibliographical references and index. a"Yemen is in the grip of its most severe crisis in years. Fuelled by Arab and Western intervention, the civil war has quickly escalated, resulting in thousands killed and millions close to starvation. Suffering from a collapsed economy, the people of Yemen face a desperate choice between the Huthi rebels allied with ex-President Saleh on the one side and the internationally recognised government propped up by the Saudi-led coalition and Western arms on the other. The struggle for power in the Arab world's poorest but strategically vital nation has serious implications for the region and beyond. While Saudi Arabia and its allies fear that a Huthi takeover would threaten free passage of oil through the Bab al-Mandab Strait, Western governments fear an increase of attacks from al-Qa'ida in the absence of effective governance. In this invaluable analysis, Helen Lackner uncovers the roots of the social and political conflicts that threaten the very survival of the state and its people. She reveals the corruption of the country's US-backed autocratic regime, as well as its failure to address national impoverishment and to plan an equitable economy for Yemen's growing population."--Provided by publisher. 7aYemen (Republic)xPolitics and governmenty21st century.2BUEsh932285 7aYemen (Republic)xHistoryy21st century.2BUEsh bMASPPSSbBUSBOLcOctober2019 vReading book 2ddccBB 00102ddc40708BaccahaMAINbMAINc2NDd2019-10-29ePurchaseg510.00l0o953.3053 LACp000048176r2025-07-15 00:00:00v637.50w2019-10-29yBB